Tratamiento pre y postoperatorio / (Record no. 100605)

MARC details
000 -LEADER
campo de control de longitud fija 00692nam a2200193 i 4500
001 - NÚMERO DE CONTROL
campo de control 100605
003 - IDENTIFICADOR DE NÚMERO DE CONTROL
campo de control ES-MaACL
005 - FECHA Y HORA DE LA ÚLTIMA TRANSACCIÓN
campo de control 20230906182715.0
007 - CAMPO FIJO DE DESCRIPCIÓN FÍSICA--INFORMACIÓN GENERAL
campo de control de longitud fija t|
008 - DATOS DE LONGITUD FIJA--INFORMACIÓN GENERAL
campo de control de longitud fija 050930s1948 ag ||||1| spa d
100 1# - ENTRADA PRINCIPAL--NOMBRE DE PERSONA
Nombre de persona Mason, Robert L.
9 (RLIN) 78767
245 10 - MENCIÓN DEL TÍTULO
Título Tratamiento pre y postoperatorio /
Mención de responsabilidad, etc. dirigido por Robert L. Mason y Harold A. Zintel; traducido de la segunda edición original por el Dr. Alberto Folch y Pi.
250 ## - MENCION DE EDICION
Mención de edición [1ª ed. en idioma castellano].
260 ## - PUBLICACIÓN, DISTRIBUCIÓN, ETC.
Lugar de publicación, distribución, etc. Buenos Aires :
Nombre del editor, distribuidor, etc. José Bernades,
Fecha de publicación, distribución, etc. 1948.
300 ## - DESCRIPCIÓN FÍSICA
Extensión XVIII, 677 p. :
Otras características físicas il. ;
Dimensiones 24 cm.
700 1# - ENTRADA AGREGADA--NOMBRE PERSONAL
Nombre de persona Zintel, Harold A.
9 (RLIN) 118293
700 1# - ENTRADA AGREGADA--NOMBRE PERSONAL
Nombre de persona Folch i Pi, Alberto.
9 (RLIN) 51452
852 ## - LOCALIZACIÓN
Ubicación ES-MaACL
Número de control de estantería F-5225
Sublocalización o colección R.27001
Holdings
Estatus retirado Estado de pérdida Estado de daño No para préstamo Biblioteca de origen Biblioteca actual Ubicación en estantería Fecha de adquisición Fuente de adquisición Total de préstamos Signatura topográfica completa Código de barras Visto por última vez Precio de reemplazo Tipo de ítem Koha
        Biblioteca del Ateneo de Madrid Biblioteca del Ateneo de Madrid Depósito 2 17/01/2008     F-5225 1105037 23/02/2023 23/02/2023 Libro impreso